Normal view
MARC view
- Hydrology
Entry Topical Term
001 - CONTROL NUMBER
- control field: 26289
003 - CONTROL NUMBER IDENTIFIER
- control field: IN-BhIIT
005 - DATE AND TIME OF LATEST TRANSACTION
- control field: 20250811113946.0
008 - FIXED-LENGTH DATA ELEMENTS
- fixed length control field: 250811|| aca||aabn | a|a d
040 ## - CATALOGING SOURCE
- Original cataloging agency: IN-BhIIT
- Transcribing agency: IN-BhIIT
150 ## - HEADING--TOPICAL TERM
- Topical term or geographic name entry element: Hydrology
- General subdivision: Hydrogeology
670 ## - SOURCE DATA FOUND
- Source citation: Work cat.: (IN-BhIIT)14662: Jiao, Jimmy Author 26288, Coastal hydrogeology /, 2019.